[Event "Lliga Catalana eq. DH"]
[Site "?"]
[Date "2014.03.22"]
[Round "9.2"]
[White "Beltran Rueda, S."]
[Black "Matnadze, A."]
[Result "1-0"]
[WhiteElo "2455"]
[BlackElo "2520"]
[PlyCount "179"]
[EventDate "2014.??.??"]
[EventType "team"]
[EventCountry "ESP"]

1. Nf3 Nf6 2. c4 e6 3. g3 b6 4. Bg2 Bb7 5. O-O g6 6. d4 Bg7 7. Nc3 O-O 8. d5
Re8 9. Ne1 exd5 10. cxd5 Na6 11. Nd3 Nc5 12. Bf4 Nce4 13. Nxe4 Nxe4 14. Rc1
Bxd5 15. Nb4 Bc6 16. Nxc6 dxc6 17. Qc2 Qe7 18. Qxc6 Bxb2 19. Rc4 f5 20. Qb5 Bf6
21. Bxe4 fxe4 22. Rxc7 Qe6 23. Qa6 g5 24. Be3 Re7 25. Rfc1 Qd5 26. Kg2 Rf7 27.
Rxf7 Kxf7 28. Rc7+ Kg6 29. a4 h5 30. Rxa7 Rxa7 31. Qxa7 Qc4 32. Qxb6 Qxe2 33.
h3 h4 34. gxh4 Qf3+ 35. Kh2 Kf5 36. Bd4 Be7 37. Qb5+ Ke6 38. Qe8 gxh4 39. Qg8+
Kd6 40. a5 Qf4+ 41. Kg1 Qd2 42. Qg6+ Kd5 43. Qf7+ Kxd4 44. Qxe7 Qxa5 45. Qxh4
Qa1+ 46. Kg2 Qa8 47. Qf4 Qg8+ 48. Kh2 Kd5 49. h4 Qh7 50. Qf6 Qc7+ 51. Kh3 Qd7+
52. Kg3 Qc7+ 53. Qf4 Qc2 54. Qf5+ Kd6 55. f3 Qc1 56. Qxe4 Qg1+ 57. Kh3 Qg7 58.
Qf4+ Kc6 59. h5 Qd7+ 60. Kh4 Qd8+ 61. Kg4 Qg8+ 62. Qg5 Qc4+ 63. f4 Qe6+ 64. Kh4
Qe1+ 65. Qg3 Qe7+ 66. Kh3 Qe6+ 67. Kh2 Kc5 68. Qg5+ Kd4 69. Qg1+ Kc4 70. Qc1+
Kd3 71. Qd1+ Kc3 72. Kg3 Qe8 73. Qd5 Qf8 74. Qe5+ Kd2 75. Qd4+ Ke2 76. Qe4+ Kd2
77. Qg6 Ke3 78. Qe6+ Kd4 79. h6 Qa3+ 80. Kg4 Qa8 81. Qf6+ Ke3 82. Qc3+ Ke2 83.
h7 Qg2+ 84. Qg3 Qa8 85. Kh3 Qf8 86. Qh4 Qh8 87. Qg4+ Kf2 88. Qg3+ Ke2 89. Qg8
Qc3+ 90. Kh2 1-0

[Event "Lliga Catalana eq. DH"]
[Site "?"]
[Date "2014.03.22"]
[Round "9.2"]
[White "Cruz Estrada, F."]
[Black "Valdes Romero, L."]
[Result "1/2-1/2"]
[WhiteElo "2412"]
[BlackElo "2404"]
[PlyCount "117"]
[EventDate "2014.??.??"]
[EventType "team"]
[EventCountry "ESP"]

1. c4 Nf6 2. Nc3 g6 3. e4 d6 4. d4 Bg7 5. Be2 O-O 6. Nf3 e5 7. O-O Na6 8. Be3
Ng4 9. Bg5 Qe8 10. d5 h6 11. Bd2 f5 12. Ne1 Nf6 13. exf5 Bxf5 14. Be3 g5 15.
Nb5 Qd7 16. Bd3 Ng4 17. Bxf5 Qxf5 18. Nc2 h5 19. b4 Qg6 20. Rb1 Rf7 21. h3 Nf6
22. g3 Qf5 23. Kh2 Bf8 24. Nc3 Be7 25. Ne1 g4 26. h4 Nd7 27. Qd3 Qxd3 28. Nxd3
Nb6 29. b5 Nb8 30. Nb2 N8d7 31. a4 Nf6 32. a5 Nbd7 33. a6 b6 34. Rbe1 Kh7 35.
Kg2 Bf8 36. Nd3 Bh6 37. Nb4 Nc5 38. Re2 Ncd7 39. Nc6 Rg7 40. Bc1 Bxc1 41. Rxc1
Nc5 42. Rf1 Kg6 43. f3 gxf3+ 44. Rxf3 Ng4 45. Ne4 Nxe4 46. Rxe4 Rf7 47. Rxf7
Kxf7 48. Re1 Kg6 49. Kf3 Kf5 50. Rg1 Kg6 51. Ke2 Nf6 52. Kd3 Ng4 53. Rf1 Nh6
54. Ke4 Kg7 55. Ne7 Re8 56. Nc6 Ra8 57. Rf3 Kg6 58. Ne7+ Kg7 59. Nc6 1/2-1/2

[Event "Lliga Catalana eq. DH"]
[Site "?"]
[Date "2014.03.22"]
[Round "9.2"]
[White "Gonzalez Perez, A."]
[Black "Vehi Bach, VM."]
[Result "0-1"]
[WhiteElo "2567"]
[BlackElo "2381"]
[PlyCount "122"]
[EventDate "2014.??.??"]
[EventType "team"]
[EventCountry "ESP"]

1. e4 c5 2. Nf3 e6 3. d4 cxd4 4. Nxd4 Nf6 5. Nc3 d6 6. Be3 Be7 7. f3 a6 8. Qd2
Nc6 9. O-O-O O-O 10. g4 Nd7 11. h4 Nde5 12. Qg2 Nxd4 13. Bxd4 Qc7 14. g5 b5 15.
f4 Nc6 16. Bf6 Bb7 17. Bd3 Kh8 18. Bxe7 Nxe7 19. Rhg1 b4 20. Ne2 a5 21. Qg4 a4
22. f5 b3 23. a3 bxc2 24. Rd2 Qb6 25. f6 gxf6 26. Qf4 f5 27. exf5 Nd5 28. Qg4
Ne3 29. Qh5 Nxf5 30. Bxf5 exf5 31. Qh6 Qe3 32. h5 Rac8 33. Qf6+ Kg8 34. h6 Qe5
35. Rxd6 Rfe8 36. Qxe5 Rxe5 37. Nf4 Bf3 38. Nd3 Rd5 39. Rxd5 Bxd5 40. Nf4 Bb3
41. Rg3 Re8 42. Nd3 Re2 43. Rg1 Kf8 44. Re1 Rg2 45. Nc5 f6 46. gxf6 Kf7 47. Nd7
Kg6 48. Rh1 f4 49. Nf8+ Kf7 50. Nd7 Rg5 51. Re1 Rd5 52. Ne5+ Kxf6 53. Ng4+ Kg5
54. Nf2 Kxh6 55. Nd3 f3 56. Rf1 Rxd3 57. Rh1+ Kg6 58. Rh6+ Kf7 59. Rxh7+ Kf8
60. Rh8+ Bg8 61. Kxc2 f2 0-1

[Event "Lliga Catalana eq. DH"]
[Site "?"]
[Date "2014.03.22"]
[Round "9.2"]
[White "Herrero Sabartes, J."]
[Black "Trepat Herranz, J."]
[Result "0-1"]
[WhiteElo "2329"]
[BlackElo "2416"]
[PlyCount "112"]
[EventDate "2014.??.??"]
[EventType "team"]
[EventCountry "ESP"]

1. e4 e5 2. Nc3 Bc5 3. Bc4 Nf6 4. f4 d6 5. Nf3 Nc6 6. d3 Bg4 7. h3 Bxf3 8. Qxf3
Nd4 9. Qg3 Qe7 10. Bb3 Nf5 11. Qg5 h6 12. Qxf5 g6 13. Nd5 Nxd5 14. Qg4 Ne3 15.
Bxe3 Bxe3 16. fxe5 dxe5 17. Rf1 Rf8 18. Ke2 h5 19. Qf3 Bg5 20. g3 h4 21. gxh4
Bf4 22. Qg4 Rh8 23. Rg1 Qf6 24. Qf3 Rxh4 25. Rg4 Rh7 26. h4 O-O-O 27. Rf1 Kb8
28. c3 Rxh4 29. Rxh4 Qxh4 30. Rh1 Qf6 31. Rh7 Rf8 32. Qh3 a6 33. Qg4 Rh8 34.
Rxh8+ Qxh8 35. Bxf7 Qh2+ 36. Kf3 Qd2 37. Qxg6 Qxd3+ 38. Kg4 Qe2+ 39. Kf5 Qxb2
40. Qg8+ Ka7 41. Qg1+ Kb8 42. Qg8+ Ka7 43. Qg1+ Qb6 44. Qxb6+ Kxb6 45. Ke6 Kc5
46. Kd7 c6 47. Kc7 b5 48. Be8 Bd2 49. Bxc6 Bxc3 50. Kb7 a5 51. Bd5 a4 52. Ka6
b4 53. Be6 b3 54. axb3 a3 55. b4+ Kxb4 56. Kb6 Bd4+ 0-1

[Event "Lliga Catalana eq. DH"]
[Site "?"]
[Date "2014.03.22"]
[Round "9.2"]
[White "Kogan, A."]
[Black "Rizouk, A."]
[Result "1-0"]
[WhiteElo "2579"]
[BlackElo "2534"]
[PlyCount "97"]
[EventDate "2014.??.??"]
[EventType "team"]
[EventCountry "ESP"]

1. d4 Nf6 2. Nf3 e6 3. c4 b6 4. e3 Bb7 5. Nc3 d5 6. cxd5 exd5 7. Bb5+ c6 8. Bd3
Bd6 9. O-O Nbd7 10. e4 dxe4 11. Nxe4 Nxe4 12. Bxe4 O-O 13. Bg5 Be7 14. Bxe7
Qxe7 15. Re1 Qd6 16. Ne5 Nf6 17. Bf3 Nd5 18. Rc1 Rae8 19. Qa4 Re7 20. Bxd5 cxd5
21. h3 Rfe8 22. Re3 a5 23. Nc4 Qd8 24. Nxb6 Rxe3 25. fxe3 Rxe3 26. Qxa5 h6 27.
Qd2 Qe7 28. Na4 Re2 29. Qf4 g5 30. Qg3 Qb4 31. Kh2 Qxa4 32. Qb8+ Kg7 33. Qxb7
Qxd4 34. Rf1 Qe5+ 35. Kh1 Qe6 36. Qa7 Rd2 37. a4 d4 38. Qb7 d3 39. Qb4 Qe3 40.
Qc3+ Kg8 41. Qf6 Qe6 42. Qd8+ Kg7 43. Qd4+ Kg6 44. Qc3 Qe2 45. Qf6+ Kh5 46.
Qxf7+ Kh4 47. Rg1 Rd1 48. g3+ Kxh3 49. Qf5+ 1-0

[Event "Lliga Catalana eq. DH"]
[Site "?"]
[Date "2014.03.22"]
[Round "9.2"]
[White "Magem Badals, J."]
[Black "Alonso Garcia, R."]
[Result "1-0"]
[WhiteElo "2576"]
[BlackElo "2423"]
[PlyCount "81"]
[EventDate "2014.??.??"]
[EventType "team"]
[EventCountry "ESP"]

1. e4 e6 2. d4 d5 3. Nd2 c5 4. exd5 exd5 5. Ngf3 Nc6 6. Bb5 Bd6 7. dxc5 Bxc5 8.
O-O Nge7 9. Nb3 Bd6 10. c3 O-O 11. Bd3 h6 12. h3 Bf5 13. Re1 Qd7 14. Be3 Rad8
15. Bc5 Bxc5 16. Nxc5 Qc8 17. Nb3 Qc7 18. Bxf5 Nxf5 19. Qd3 Nfe7 20. Rad1 a6
21. Nfd4 Nxd4 22. Nxd4 Ng6 23. Nf5 Rd7 24. Qd4 f6 25. Qg4 Kh7 26. Nd4 Ne5 27.
Rxe5 fxe5 28. Ne6 Rf4 29. Nxc7 Rxg4 30. hxg4 Rxc7 31. Rxd5 Re7 32. Rd6 Kg8 33.
Kf1 Kf7 34. Ke2 Rc7 35. f3 Ke7 36. Rb6 Kd8 37. Ke3 Re7 38. Rd6+ Kc7 39. Rd5 Kc6
40. Ke4 Re6 41. c4 1-0

[Event "Lliga Catalana eq. DH"]
[Site "?"]
[Date "2014.03.22"]
[Round "9.2"]
[White "Moskalenko, V."]
[Black "Delorme, Axel"]
[Result "1-0"]
[WhiteElo "2583"]
[BlackElo "2479"]
[PlyCount "75"]
[EventDate "2014.??.??"]
[EventType "team"]
[EventCountry "ESP"]

1. d4 d5 2. c4 e6 3. Nc3 c5 4. e3 Nf6 5. Nf3 a6 6. dxc5 Bxc5 7. a3 O-O 8. b4
Be7 9. cxd5 exd5 10. Bb2 Be6 11. Bd3 Nbd7 12. Ne2 Nb6 13. Nf4 Nc4 14. Bd4 Rc8
15. Qb1 h6 16. O-O Bg4 17. Rd1 Bd6 18. Bf5 Bxf3 19. gxf3 Rc6 20. Ne2 Qe7 21. f4
Ne4 22. Ng3 Ncd2 23. Rxd2 Nxd2 24. Qd1 Ne4 25. Bxe4 dxe4 26. Bxg7 Rfc8 27. Qg4
Kh7 28. Bxh6 Qf6 29. Bg5 Qxa1+ 30. Kg2 Bf8 31. f5 Rc1 32. Qh4+ Kg8 33. Bf6 Rg1+
34. Kh3 Qxf6 35. Qxf6 Rc6 36. Qg5+ Bg7 37. Kg4 Kh7 38. Qe7 1-0

[Event "Lliga Catalana eq. DH"]
[Site "?"]
[Date "2014.03.22"]
[Round "9.2"]
[White "Oratovsky, M."]
[Black "Simonet Pons, M."]
[Result "1/2-1/2"]
[WhiteElo "2533"]
[BlackElo "2348"]
[PlyCount "58"]
[EventDate "2014.??.??"]
[EventType "team"]
[EventCountry "ESP"]

1. e4 e6 2. d3 d5 3. Nd2 Nf6 4. Ngf3 Be7 5. g3 b6 6. Bg2 dxe4 7. dxe4 Ba6 8. e5
Nfd7 9. Nb3 Nc6 10. Bf4 O-O 11. Nbd4 Na5 12. h4 c5 13. Nb3 Nc6 14. Nbd2 Qc7 15.
c4 Rad8 16. Qe2 Ndb8 17. O-O Nd4 18. Nxd4 Rxd4 19. b3 Bb7 20. Nf3 Rd7 21. Rfd1
Rfd8 22. Rxd7 Qxd7 23. Bg5 Nc6 24. Re1 h6 25. Bf4 Bf8 26. Nd2 Nd4 27. Qf1 Bc6
28. Bxc6 Qxc6 29. Qg2 Be7 1/2-1/2

[Event "Lliga Catalana eq. DH"]
[Site "?"]
[Date "2014.03.22"]
[Round "9.3"]
[White "Asis Gargatagli, H."]
[Black "Cruz Sanchez, C."]
[Result "0-1"]
[WhiteElo "2514"]
[BlackElo "2593"]
[PlyCount "66"]
[EventDate "2014.??.??"]
[EventType "team"]
[EventCountry "ESP"]

1. e4 e6 2. d3 c5 3. Nf3 Nc6 4. g3 d5 5. Qe2 Be7 6. Bg2 Nf6 7. O-O O-O 8. e5
Nd7 9. c4 Re8 10. Re1 Bf8 11. Bf4 h6 12. h4 b6 13. Nc3 Bb7 14. Rad1 d4 15. Ne4
Qc7 16. g4 f5 17. gxf5 exf5 18. Ng3 Re6 19. Nxf5 Rae8 20. h5 Ncxe5 21. Nxe5
Bxg2 22. Kxg2 Nxe5 23. Qe4 Nxd3 24. Qxe6+ Rxe6 25. Bxc7 Nxe1+ 26. Kg3 Nc2 27.
a3 Re1 28. Rd2 Na1 29. Bb8 Nb3 30. Rd3 Na5 31. Bxa7 Nxc4 32. b3 Ne5 33. Rd2 Nd7
0-1

[Event "Lliga Catalana eq. DH"]
[Site "?"]
[Date "2014.03.22"]
[Round "9.3"]
[White "Ayza Leon, D."]
[Black "Fernandez Aguado, E."]
[Result "0-1"]
[WhiteElo "2302"]
[BlackElo "2407"]
[PlyCount "108"]
[EventDate "2014.??.??"]
[EventType "team"]
[EventCountry "ESP"]

1. e4 e5 2. Nf3 Nc6 3. Bb5 a6 4. Ba4 Nf6 5. O-O Be7 6. Re1 d6 7. c3 O-O 8. h3
Nd7 9. d4 Bf6 10. Be3 Re8 11. Nbd2 b5 12. Bc2 Bb7 13. d5 Ne7 14. c4 c6 15. b4
Ng6 16. g3 Be7 17. Nb3 Qc7 18. cxb5 axb5 19. dxc6 Bxc6 20. Na5 Nf6 21. Rc1 Qd7
22. Nxc6 Qxc6 23. Bb3 Qd7 24. h4 h6 25. h5 Nf8 26. Nh4 Qh3 27. Qf3 Ne6 28. Nf5
Ng4 29. Qg2 Qxh5 30. Bd5 Nxe3 31. fxe3 Ra7 32. g4 Qg5 33. Bc6 Rb8 34. Rcd1 g6
35. Nxe7+ Qxe7 36. Rf1 Rc7 37. Bd5 Rbc8 38. Rd2 Rc1 39. Rdf2 Kg7 40. Qf3 Rxf1+
41. Rxf1 Ng5 42. Qe2 Qa7 43. Re1 Qa4 44. Rb1 Qa3 45. Kg2 Rc3 46. Rb3 Rxb3 47.
axb3 Qxb4 48. Qf2 Qc3 49. Qe2 b4 50. Qf2 Qd3 51. Kh2 Qd1 52. Kg3 h5 53. gxh5
Qxh5 54. Kg2 Qh3+ 0-1

[Event "Lliga Catalana eq. DH"]
[Site "?"]
[Date "2014.03.22"]
[Round "9.3"]
[White "Barbero Sendic, A."]
[Black "Sole Fabregat, X."]
[Result "1-0"]
[WhiteElo "2416"]
[BlackElo "2305"]
[PlyCount "107"]
[EventDate "2014.??.??"]
[EventType "team"]
[EventCountry "ESP"]

1. e4 Nc6 2. Nf3 e5 3. Nc3 Nf6 4. g3 Bc5 5. Bg2 d6 6. d3 h6 7. Na4 Bb6 8. Nxb6
axb6 9. O-O Be6 10. b3 O-O 11. Bb2 Ra5 12. Qd2 Qd7 13. Rfe1 Bh3 14. Bh1 Qg4 15.
b4 Ra4 16. a3 Qh5 17. d4 Bg4 18. dxe5 dxe5 19. Qc3 Bxf3 20. Qxf3 Qxf3 21. Bxf3
Re8 22. Be2 Raa8 23. Bd3 Rad8 24. Kg2 Nd4 25. Rad1 g5 26. c3 Ne6 27. h3 c6 28.
Kf3 b5 29. Ke3 Rd7 30. Bf1 Rxd1 31. Rxd1 Rd8 32. Be2 Ne8 33. Rc1 Nd6 34. c4
Nxc4+ 35. Bxc4 bxc4 36. Rxc4 f6 37. Ke2 Kf7 38. a4 h5 39. b5 cxb5 40. axb5 Rd7
41. Ke3 Rc7 42. Kd3 Rd7+ 43. Kc2 h4 44. Bc3 Rc7 45. Rxc7+ Nxc7 46. gxh4 Nxb5
47. hxg5 Nxc3 48. Kxc3 fxg5 49. Kc4 Ke6 50. Kc5 Kf6 51. Kd5 b5 52. Kc5 Kg6 53.
Kxb5 Kh5 54. Kc5 1-0

[Event "Lliga Catalana eq. DH"]
[Site "?"]
[Date "2014.03.22"]
[Round "9.3"]
[White "Cabrera Pino, A."]
[Black "Dvirnyy, D."]
[Result "0-1"]
[WhiteElo "2523"]
[BlackElo "2574"]
[PlyCount "76"]
[EventDate "2014.??.??"]
[EventType "team"]
[EventCountry "ESP"]

1. d4 Nf6 2. Nc3 d5 3. Bf4 g6 4. Qd2 Bg7 5. Bh6 O-O 6. Bxg7 Kxg7 7. O-O-O c5 8.
dxc5 Qa5 9. Nxd5 Qxa2 10. Qc3 Qa1+ 11. Kd2 Qa4 12. f3 Be6 13. e4 Bxd5 14. exd5
Nbd7 15. Nh3 Rac8 16. b3 Qh4 17. g3 Qh6+ 18. Qe3 Nxd5 19. Qxh6+ Kxh6 20. Ra1 a6
21. c4 Nxc5 22. Ra3 Nf6 23. Be2 a5 24. Rb1 Rfd8+ 25. Ke3 b6 26. b4 axb4 27.
Rxb4 Rc6 28. Ra2 e5 29. Nf2 Kg7 30. Rab2 Nfd7 31. Nd1 Ra8 32. Kf2 Ra3 33. Ne3
e4 34. Nc2 Rxf3+ 35. Bxf3 Nd3+ 36. Ke3 Nxb2 37. Bxe4 Nxc4+ 38. Kd4 Nce5 0-1

[Event "Lliga Catalana eq. DH"]
[Site "?"]
[Date "2014.03.22"]
[Round "9.3"]
[White "Cuadras Avellana, J."]
[Black "Alonso Rosell, A."]
[Result "0-1"]
[WhiteElo "2374"]
[BlackElo "2579"]
[PlyCount "90"]
[EventDate "2014.??.??"]
[EventType "team"]
[EventCountry "ESP"]

1. e4 e5 2. Nf3 Nc6 3. Bb5 Bc5 4. c3 Nf6 5. O-O O-O 6. d4 Bb6 7. Bg5 h6 8. Bh4
d6 9. Bxc6 bxc6 10. Re1 exd4 11. Nxd4 Re8 12. Nd2 c5 13. Nf5 Bxf5 14. exf5
Rxe1+ 15. Qxe1 d5 16. Rd1 Qd6 17. Nc4 Qf4 18. Nxb6 axb6 19. Bxf6 gxf6 20. Rxd5
Rxa2 21. Rd3 Qe4 22. Re3 Qxf5 23. h3 Rxb2 24. Rg3+ Kf8 25. Qe3 h5 26. Kh2 Qxf2
27. Qh6+ Ke7 28. Qxh5 Re2 29. Qh6 Re1 30. Rf3 Qg1+ 31. Kg3 Re6 32. h4 Qe1+ 33.
Kh3 Qh1+ 34. Kg3 Qe1+ 35. Kh3 Qe5 36. Qh7 b5 37. Qd3 c6 38. Qb1 Qe4 39. Qa1 Qd5
40. Qa7+ Kf8 41. Qb8+ Re8 42. Qf4 Qe6+ 43. Kh2 Qe5 44. Qg3 Qxg3+ 45. Kxg3 Kg7
0-1

[Event "Lliga Catalana eq. DH"]
[Site "?"]
[Date "2014.03.22"]
[Round "9.3"]
[White "Gomez Jurado, LA."]
[Black "Travesset Ribera, J."]
[Result "1/2-1/2"]
[WhiteElo "2365"]
[BlackElo "2320"]
[PlyCount "24"]
[EventDate "2014.??.??"]
[EventType "team"]
[EventCountry "ESP"]

1. c4 c6 2. g3 d5 3. Nf3 e6 4. Bg2 Nf6 5. O-O Be7 6. b3 O-O 7. Bb2 Nbd7 8. e3
b6 9. Nc3 Bb7 10. Rc1 dxc4 11. bxc4 c5 12. d4 cxd4 1/2-1/2

[Event "Lliga Catalana eq. DH"]
[Site "?"]
[Date "2014.03.22"]
[Round "9.3"]
[White "Granados Gomez, M."]
[Black "Boix Moreno, D."]
[Result "1-0"]
[WhiteElo "2388"]
[BlackElo "2309"]
[PlyCount "85"]
[EventDate "2014.??.??"]
[EventType "team"]
[EventCountry "ESP"]

1. c4 c5 2. g3 g6 3. Bg2 Bg7 4. e4 Nc6 5. Ne2 d6 6. d3 e6 7. Nbc3 Nge7 8. O-O
O-O 9. Be3 Nd4 10. Qd2 Bd7 11. Bh6 Bc6 12. Bxg7 Kxg7 13. Nxd4 cxd4 14. Ne2 e5
15. f4 Qd7 16. f5 f6 17. g4 b5 18. Ng3 bxc4 19. dxc4 gxf5 20. gxf5 Kh8 21. Rf3
Ng8 22. Ra3 Qb7 23. b4 Be8 24. Rc1 Bf7 25. Bf1 Rfc8 26. Ra5 Qe7 27. c5 dxc5 28.
Raxc5 Rxc5 29. Rxc5 a5 30. Rxa5 Rxa5 31. bxa5 Qa3 32. a6 Kg7 33. Qd3 Qxa2 34.
Qb5 Nh6 35. Be2 Qa3 36. Kg2 Qa2 37. Kh3 Qa3 38. Qd7 d3 39. Bxd3 Qb3 40. a7 Qd1
41. a8=Q Ng4 42. Qdd8 Nf2+ 43. Kg2 1-0

[Event "Lliga Catalana eq. DH"]
[Site "?"]
[Date "2014.03.22"]
[Round "9.3"]
[White "Pham Guerrero, S."]
[Black "Hernando Rodrigo, JA."]
[Result "0-1"]
[WhiteElo "2304"]
[BlackElo "2398"]
[PlyCount "96"]
[EventDate "2014.??.??"]
[EventType "team"]
[EventCountry "ESP"]

1. e4 e6 2. d3 c5 3. g3 g6 4. Bg2 Bg7 5. f4 Ne7 6. Nf3 Nbc6 7. O-O d6 8. Nc3
O-O 9. Ne2 e5 10. c3 h6 11. Be3 b6 12. Qd2 Kh7 13. Nh4 d5 14. d4 cxd4 15. cxd4
exd4 16. Bf2 dxe4 17. Bxe4 f5 18. Bg2 Ba6 19. Rfd1 d3 20. Nc1 Qd6 21. Nxd3 Rad8
22. Bf1 Qf6 23. Qc2 Bxd3 24. Bxd3 Qxb2 25. Qxb2 Bxb2 26. Rab1 Bf6 27. Nf3 Nd5
28. Bc4 Nc3 29. Rxd8 Rxd8 30. Re1 Ne4 31. Be3 Nb4 32. Bb3 Nd3 33. Rd1 Kg7 34.
Kf1 Rd6 35. Ne1 Ndc5 36. Rxd6 Nxd6 37. Bd5 Nb5 38. Nf3 Nc3 39. Bc4 N5e4 40. Ne5
b5 41. Bb3 a5 42. Nd7 a4 43. Be6 b4 44. Nc5 b3 45. axb3 a3 46. b4 a2 47. Nb3
Nd1 48. Bg1 Nd2+ 0-1

[Event "Lliga Catalana eq. DH"]
[Site "?"]
[Date "2014.03.22"]
[Round "9.4"]
[White "Fernandez Cazorla, A."]
[Black "Garcia Paolicchi, R."]
[Result "0-1"]
[WhiteElo "2305"]
[BlackElo "2280"]
[PlyCount "78"]
[EventDate "2014.??.??"]
[EventType "team"]
[EventCountry "ESP"]

1. Nf3 d5 2. d4 e6 3. c4 c5 4. g3 Nc6 5. cxd5 exd5 6. Bg2 Nf6 7. O-O Be7 8.
dxc5 Bxc5 9. Qc2 Be7 10. Nc3 O-O 11. Rd1 Qa5 12. Bf4 Rd8 13. e3 Bg4 14. h3 Bh5
15. a3 Rd7 16. b4 Qd8 17. g4 Bg6 18. Qb3 h6 19. Ne5 Nxe5 20. Bxe5 Be4 21. f3
Bg6 22. Rd4 a5 23. Rad1 axb4 24. axb4 Qe8 25. f4 Bd8 26. Nxd5 Nxd5 27. Rxd5
Rxd5 28. Rxd5 Kh8 29. Rd2 f6 30. Bd4 Be4 31. Qd1 Bxg2 32. Kxg2 Bc7 33. Rb2 Qb5
34. Qe1 Ra4 35. Bc3 Qc6+ 36. Kg3 Ra3 37. Bd4 Qe4 38. Qd2 Rd3 39. Qc2 Qxd4 0-1

[Event "Lliga Catalana eq. DH"]
[Site "?"]
[Date "2014.03.22"]
[Round "9.4"]
[White "Fernandez Soriano, R."]
[Black "Adel Lahchaichi, O."]
[Result "0-1"]
[WhiteElo "2261"]
[BlackElo "2343"]
[PlyCount "122"]
[EventDate "2014.??.??"]
[EventType "team"]
[EventCountry "ESP"]

1. d4 Nf6 2. Nf3 g6 3. Nc3 d5 4. Bf4 c6 5. e3 Bg7 6. Be2 O-O 7. Ne5 Nfd7 8. h4
Nxe5 9. Bxe5 f6 10. Bg3 h6 11. h5 g5 12. Qd3 e5 13. dxe5 fxe5 14. e4 d4 15. Nb1
Be6 16. Qd1 Nd7 17. O-O Nc5 18. Nd2 Qe7 19. Re1 Rad8 20. Bd3 Na4 21. Qc1 b5 22.
b3 Nc3 23. Nb1 g4 24. Nxc3 dxc3 25. Qe3 Rd4 26. Rf1 Qg5 27. Qxg5 hxg5 28. f3
gxf3 29. gxf3 Kh7 30. Kg2 Kh6 31. Be1 b4 32. Bf2 Rd7 33. Bc5 Rb8 34. Kf2 Kxh5
35. Ke2 g4 36. Rh1+ Kg6 37. Rag1 Bf6 38. fxg4 Bg5 39. Be3 Bxe3 40. Kxe3 Rh7 41.
Rxh7 Kxh7 42. Rh1+ Kg6 43. Rh5 Kf6 44. Rh6+ Kf7 45. Rh7+ Kg6 46. Re7 Kf6 47.
Rxa7 Rh8 48. Rc7 Rh3+ 49. Kf2 Bxg4 50. Rxc6+ Kg5 51. Rc7 Rf3+ 52. Kg2 Rf6 53.
Rb7 Kf4 54. Rxb4 Rh6 55. Rb8 Bf3+ 56. Kf2 Rh2+ 57. Ke1 Ke3 58. Rf8 Rd2 59.
Rxf3+ Kxf3 60. a4 Ke3 61. a5 Rxd3 0-1

[Event "Lliga Catalana eq. DH"]
[Site "?"]
[Date "2014.03.22"]
[Round "9.4"]
[White "Fluvia Poyatos, Joan"]
[Black "Alonso Moyano, J."]
[Result "0-1"]
[WhiteElo "2554"]
[BlackElo "2454"]
[PlyCount "120"]
[EventDate "2014.??.??"]
[EventType "team"]
[EventCountry "ESP"]

1. e4 c5 2. Nf3 d6 3. d4 Nf6 4. Nc3 cxd4 5. Nxd4 a6 6. Bg5 Nbd7 7. f4 Qc7 8.
Qe2 e6 9. O-O-O b5 10. g4 b4 11. Nd5 exd5 12. exd5+ Be7 13. Nc6 Nb8 14. Bxf6
gxf6 15. Bg2 Nxc6 16. dxc6 f5 17. g5 Be6 18. Rhe1 O-O 19. Rd3 d5 20. Kb1 Rfc8
21. Bxd5 Bxd5 22. Rxd5 Qxc6 23. Rxf5 Bf8 24. Re5 Rc7 25. f5 Rac8 26. Rc1 Qc4
27. Qe3 Rc5 28. Re4 Qd5 29. f6 a5 30. h4 a4 31. Rd4 Qc6 32. Qd3 Rc4 33. h5 Rxd4
34. Qxd4 a3 35. g6 axb2 36. gxh7+ Kh8 37. Kxb2 Qc3+ 38. Qxc3 Rxc3 39. Rd1 Kxh7
40. Rd7 Kg8 41. a4 Rc5 42. Ra7 Rxh5 43. a5 Rf5 44. Ra6 Kh7 45. Kb3 Kg6 46. Kc4
Rc5+ 47. Kxb4 Rxc2+ 48. Kb5 Rb2+ 49. Kc4 Rb4+ 50. Kd5 Rb5+ 51. Kc6 Rf5 52. Ra8
Rxf6+ 53. Kd7 Bc5 54. Rg8+ Kf5 55. Rg7 Rd6+ 56. Kc7 f6 57. Kb7 Ke4 58. Rg4+ Kd5
59. Rf4 Bd4 60. a6 Rd7+ 0-1

[Event "Lliga Catalana eq. DH"]
[Site "?"]
[Date "2014.03.22"]
[Round "9.4"]
[White "Libiszewski, F."]
[Black "Pardo Simon, D."]
[Result "1/2-1/2"]
[WhiteElo "2497"]
[BlackElo "2468"]
[PlyCount "71"]
[EventDate "2014.??.??"]
[EventType "team"]
[EventCountry "ESP"]

1. Nf3 d5 2. g3 c6 3. Bg2 Nf6 4. O-O Bg4 5. c4 e6 6. cxd5 exd5 7. d3 Nbd7 8.
Nc3 Bc5 9. Qb3 Qc8 10. e4 dxe4 11. dxe4 O-O 12. Bf4 Re8 13. Rfe1 h6 14. Rac1
Nh5 15. Bd2 Nhf6 16. Bf4 Nh5 17. Be3 Bxf3 18. Bxf3 Nhf6 19. Bg2 Bxe3 20. Rxe3
Qb8 21. Rd1 Qc7 22. Re2 Rad8 23. Red2 Nc5 24. Qc4 Rxd2 25. Rxd2 Ne6 26. Qe2 Rd8
27. Rxd8+ Qxd8 28. e5 Nd7 29. Qe3 a5 30. f4 Ndc5 31. Bf1 Qd4 32. Qxd4 Nxd4 33.
Kf2 Kf8 34. Ke3 Nf5+ 35. Kf3 Nd4+ 36. Ke3 1/2-1/2

[Event "Lliga Catalana eq. DH"]
[Site "?"]
[Date "2014.03.22"]
[Round "9.4"]
[White "Marcet Bisbal, A."]
[Black "Capellades Subirana, M."]
[Result "0-1"]
[WhiteElo "2372"]
[BlackElo "2290"]
[PlyCount "98"]
[EventDate "2014.??.??"]
[EventType "team"]
[EventCountry "ESP"]

1. d4 Nf6 2. c4 e6 3. Nc3 Bb4 4. e3 c5 5. Nge2 d5 6. cxd5 Nxd5 7. a3 cxd4 8.
axb4 dxc3 9. bxc3 O-O 10. e4 Nb6 11. Qxd8 Rxd8 12. Bf4 Re8 13. Bc7 Na6 14. Bxb6
axb6 15. b5 Nc7 16. Rxa8 Nxa8 17. e5 f6 18. Ng3 fxe5 19. Bd3 Rd8 20. Ke2 Nc7
21. c4 Ne8 22. Ra1 Kf7 23. Ne4 h6 24. Ra8 Ke7 25. Nc3 Nd6 26. g4 e4 27. Nxe4
Nxe4 28. Bxe4 e5 29. f3 Be6 30. Rxd8 Kxd8 31. Kd3 Kc7 32. h4 Kd6 33. Bxb7 Kc5
34. Ke4 Bxc4 35. Kxe5 Bxb5 36. f4 Be2 37. Kf5 b5 38. Ba6 Bd3+ 39. Ke6 Bc4+ 40.
Ke7 b4 41. Bc8 b3 42. Kf8 Bd3 43. Bf5 Bxf5 44. gxf5 b2 45. Kxg7 b1=Q 46. f6 Qb2
47. Kg6 Kd6 48. f5 Kd7 49. Kf7 Qe5 0-1

[Event "Lliga Catalana eq. DH"]
[Site "?"]
[Date "2014.03.22"]
[Round "9.4"]
[White "Rivero Ojeda, C."]
[Black "Torrecillas Martinez, A."]
[Result "1-0"]
[WhiteElo "2263"]
[BlackElo "2387"]
[PlyCount "61"]
[EventDate "2014.??.??"]
[EventType "team"]
[EventCountry "ESP"]

1. e4 d6 2. d4 Nf6 3. Nc3 g6 4. Bc4 Bg7 5. Qe2 Nc6 6. Be3 Ng4 7. O-O-O O-O 8.
h4 Nxe3 9. Qxe3 e5 10. d5 Nd4 11. h5 Rb8 12. Nb5 Bd7 13. Nxd4 exd4 14. Qd2 b5
15. Bd3 c5 16. dxc6 Bxc6 17. f4 Re8 18. hxg6 hxg6 19. f5 gxf5 20. exf5 Re3 21.
Rh3 Qf6 22. Kb1 Rbe8 23. Nf3 Bxf3 24. gxf3 Qe5 25. a3 a6 26. Qg2 Kf8 27. Rg3 d5
28. Rg1 Re1+ 29. Rxe1 Qxe1+ 30. Ka2 Bh6 31. f6 1-0

[Event "Lliga Catalana eq. DH"]
[Site "?"]
[Date "2014.03.22"]
[Round "9.4"]
[White "Rojas Keim, LA."]
[Black "Lillo Castany, V."]
[Result "1/2-1/2"]
[WhiteElo "2473"]
[BlackElo "2359"]
[PlyCount "62"]
[EventDate "2014.??.??"]
[EventType "team"]
[EventCountry "ESP"]

1. d4 Nf6 2. Bg5 e6 3. e4 h6 4. Bxf6 Qxf6 5. Nc3 Bb4 6. a3 Bxc3+ 7. bxc3 d6 8.
Bd3 Nd7 9. Qf3 O-O 10. Ne2 e5 11. O-O Qxf3 12. gxf3 Nf6 13. f4 Re8 14. f3 Bd7
15. a4 a5 16. Rfb1 b6 17. Bb5 g6 18. Bxd7 Nxd7 19. Rb5 Re7 20. Rd1 Rf8 21. fxe5
dxe5 22. Kg2 f5 23. exf5 Rxf5 24. Ng3 Rf4 25. Re1 Kf7 26. Re4 Rxe4 27. fxe4 Ke6
28. Ne2 Rf7 29. Rb1 Rf6 30. Rb5 Rf7 31. Rb1 Rf6 1/2-1/2